|
|
|
|
| LEADER |
00000cam a2200000 c 4500 |
| 001 |
236318802 |
| 003 |
DE-627 |
| 005 |
20250409173728.0 |
| 007 |
tu |
| 008 |
971110s1997 au ||||| 00| ||ger c |
| 015 |
|
|
|a 97,N47,0102
|2 dnb
|
| 015 |
|
|
|a 98,A28,0245
|2 dnb
|
| 016 |
7 |
|
|a 95198425X
|2 DE-101
|
| 020 |
|
|
|a 370651253X
|c : DM 44.90, S 328.00 (kart.)
|9 3-7065-1253-X
|
| 035 |
|
|
|a (DE-627)236318802
|
| 035 |
|
|
|a (DE-576)06269023X
|
| 035 |
|
|
|a (DE-599)DNB95198425X
|
| 035 |
|
|
|a (OCoLC)260045733
|
| 035 |
|
|
|a (OCoLC)260045733
|
| 035 |
|
|
|a (AT-OBV)AC02183221
|
| 040 |
|
|
|a DE-627
|b ger
|c DE-627
|e rakwb
|
| 041 |
|
|
|a ger
|
| 044 |
|
|
|c XA-AT
|
| 084 |
|
|
|a 11
|a 14
|2 sdnb
|
| 084 |
|
|
|a MS 2870
|2 rvk
|0 (DE-625)rvk/123648:
|
| 084 |
|
|
|a MF 2850
|2 rvk
|0 (DE-625)rvk/122676:
|
| 084 |
|
|
|a MS 2850
|2 rvk
|0 (DE-625)rvk/123647:
|
| 084 |
|
|
|a 71.31
|2 bkl
|
| 084 |
|
|
|a 71.25
|2 bkl
|
| 090 |
|
|
|a a
|
| 245 |
0 |
0 |
|a Que(e)rdenken
|b weibliche, männliche Homosexualität und Wissenschaft
|c Barbara Hey ... (Hrsg.)
|
| 246 |
3 |
0 |
|a Querdenken, Queerdenken
|
| 246 |
3 |
0 |
|a querdenken
|
| 246 |
3 |
3 |
|a Querdenken
|
| 263 |
|
|
|a kart.
|
| 264 |
|
1 |
|a Innsbruck [u.a.]
|b Studien-Verl.
|c 1997
|
| 300 |
|
|
|a 293 S
|c 21 cm
|
| 336 |
|
|
|a Text
|b txt
|2 rdacontent
|
| 337 |
|
|
|a ohne Hilfsmittel zu benutzen
|b n
|2 rdamedia
|
| 338 |
|
|
|a Band
|b nc
|2 rdacarrier
|
| 500 |
|
|
|a Literaturangaben
|
| 583 |
1 |
|
|a Archivierung/Langzeitarchivierung gewährleistet
|f SSG
|x XA-DE-BW
|2 pdager
|5 DE-21
|
| 583 |
1 |
|
|a Archivierung prüfen
|c 20240324
|f DE-4165
|z 1
|2 pdager
|
| 655 |
|
7 |
|a Aufsatzsammlung
|0 (DE-588)4143413-4
|0 (DE-627)105605727
|0 (DE-576)209726091
|2 gnd-content
|
| 689 |
0 |
0 |
|d s
|0 (DE-588)4035432-5
|0 (DE-627)104774746
|0 (DE-576)209012641
|a Lesbische Orientierung
|2 gnd
|
| 689 |
0 |
1 |
|d s
|0 (DE-588)4017894-8
|0 (DE-627)106328379
|0 (DE-576)208921524
|a Forschung
|2 gnd
|
| 689 |
0 |
|
|5 DE-101
|
| 689 |
1 |
0 |
|d s
|0 (DE-588)4025798-8
|0 (DE-627)104774800
|0 (DE-576)208962948
|a Homosexualität
|2 gnd
|
| 689 |
1 |
1 |
|d s
|0 (DE-588)4037363-0
|0 (DE-627)106237942
|0 (DE-576)209023732
|a Mann
|2 gnd
|
| 689 |
1 |
2 |
|d s
|0 (DE-588)4017894-8
|0 (DE-627)106328379
|0 (DE-576)208921524
|a Forschung
|2 gnd
|
| 689 |
1 |
|
|5 DE-101
|
| 689 |
2 |
0 |
|d s
|0 (DE-588)4035432-5
|0 (DE-627)104774746
|0 (DE-576)209012641
|a Lesbische Orientierung
|2 gnd
|
| 689 |
2 |
1 |
|d s
|0 (DE-588)4017894-8
|0 (DE-627)106328379
|0 (DE-576)208921524
|a Forschung
|2 gnd
|
| 689 |
2 |
|
|5 (DE-627)
|
| 689 |
3 |
0 |
|d s
|0 (DE-588)4025798-8
|0 (DE-627)104774800
|0 (DE-576)208962948
|a Homosexualität
|2 gnd
|
| 689 |
3 |
1 |
|d s
|0 (DE-588)4037363-0
|0 (DE-627)106237942
|0 (DE-576)209023732
|a Mann
|2 gnd
|
| 689 |
3 |
2 |
|d s
|0 (DE-588)4017894-8
|0 (DE-627)106328379
|0 (DE-576)208921524
|a Forschung
|2 gnd
|
| 689 |
3 |
|
|5 (DE-627)
|
| 700 |
1 |
|
|a Hey, Barbara
|e Hrsg.
|0 (DE-588)1084356198
|0 (DE-627)84852943X
|0 (DE-576)45630021X
|4 edt
|
| 856 |
4 |
2 |
|u http://d-nb.info/95198425X/04
|m V:AT-OBV
|q application/pdf
|v 20130501
|x Verlag
|3 Inhaltsverzeichnis
|7 1
|
| 935 |
|
|
|a mkri
|
| 935 |
|
|
|i sf
|
| 935 |
|
|
|i Blocktest
|
| 936 |
r |
v |
|a MS 2870
|b Sexuelle Orientierung, Geschlechtsidentität
|k Soziologie
|k Spezielle Soziologien
|k Soziologische Geschlechterforschung (Gender Studies)
|k Sexuelle Orientierung, Geschlechtsidentität
|0 (DE-627)1271082861
|0 (DE-625)rvk/123648:
|0 (DE-576)201082861
|
| 936 |
r |
v |
|a MF 2850
|b Frauenverbände
|k Politologie
|k Politische Systeme: einzelne Elemente
|k Einzelne Verbände und politische Gruppen
|k Frauenverbände
|0 (DE-627)1271428776
|0 (DE-625)rvk/122676:
|0 (DE-576)201428776
|
| 936 |
r |
v |
|a MS 2850
|b Geschlechterrolle und Sexualverhalten
|k Soziologie
|k Spezielle Soziologien
|k Soziologische Geschlechterforschung (Gender Studies)
|k Geschlechterrolle und Sexualverhalten
|0 (DE-627)1271156059
|0 (DE-625)rvk/123647:
|0 (DE-576)201156059
|
| 936 |
b |
k |
|a 71.31
|j Geschlechter und ihr Verhalten
|0 (DE-627)106412655
|
| 936 |
b |
k |
|a 71.25
|j Sexualität
|x Soziologie
|0 (DE-627)106409050
|
| 951 |
|
|
|a BO
|
| ELC |
|
|
|b 1
|
| LOK |
|
|
|0 000 xxxxxcx a22 zn 4500
|
| LOK |
|
|
|0 001 3219566715
|
| LOK |
|
|
|0 003 DE-627
|
| LOK |
|
|
|0 004 236318802
|
| LOK |
|
|
|0 005 19981113000000
|
| LOK |
|
|
|0 008 981028||||||||||||||||ger|||||||
|
| LOK |
|
|
|0 040
|a DE-21
|c DE-627
|d DE-21
|
| LOK |
|
|
|0 852
|a DE-21
|
| LOK |
|
|
|0 852 1
|c 38 A 12802
|9 00
|
| LOK |
|
|
|0 938
|l 38
|8 2
|
| LOK |
|
|
|0 939
|a 28-10-98
|b l01
|
| LOK |
|
|
|0 000 xxxxxcx a22 zn 4500
|
| LOK |
|
|
|0 001 3219566936
|
| LOK |
|
|
|0 003 DE-627
|
| LOK |
|
|
|0 004 236318802
|
| LOK |
|
|
|0 005 19980227000000
|
| LOK |
|
|
|0 008 971125||||||||||||||||ger|||||||
|
| LOK |
|
|
|0 040
|a DE-Frei85
|c DE-627
|d DE-Frei85
|
| LOK |
|
|
|0 852
|a DE-Frei85
|
| LOK |
|
|
|0 852 1
|m p
|9 00
|
| LOK |
|
|
|0 938
|k p
|
| LOK |
|
|
|0 939
|a 25-11-97
|b l01
|
| ORI |
|
|
|a SA-MARC-krimdoka001.raw
|
| SIG |
|
|
|a UB: 38 A 12802
|